000 00518nam a2200193 a 4500
001 1771298607734
003 YourLibrary
005 20260217085518.0
008 260217s1988##################000#0#eng##
020 _a9780820405001
082 0 4 _a330.1
_bBAB
100 1 _aBaber, Willie L.,
_eauthor.
245 1 0 _aThe Economizing Strategy :
260 _bPeter Lang Pub Incorporated,
_c1988.
300 _a232 pages
650 0 _aBusiness & Economics.
942 _cENGLISH
040 _aYourLibrary
_beng
_cYourLibrary
999 _c613007
_d613007